000 00611cam a2200181 a 4500
001 1124579
005 20240214023544.0
008 940519s1994 mduab b 001 0 eng
020 _a0819196061 (cloth : alk paper)
040 _aDLC
_cDLC
_dDLC
082 0 0 _a307.76
_220
_bNEV.
100 1 _aDon Arachchige S, Neville.
245 1 0 _aPatterns of community structure in Colombo, Sri Lanka :
_ban investigation of contemporary urban life in South Asia /
_cNeville S. Arachchige-Don.
260 _aLanham :
_bUniversity Press of America,
_c1994.
300 _axx, 287 p. :
650 0 _aCity and town life
942 _cL
999 _c383
_d383